00250nam a2200097Ia 4500008004100000100001900041245003300060260003500093942000700128999001700135190216s9999||||xx |||||||||||||| ||und|| aRajnath Sharma 0aHindi-Hindi Ke Sadhya Lekakh b"Vinod Pustak Mandir, Agra Ii" cBK c17524d17524